| 000 | 01001nam a22002057a 4500 | ||
|---|---|---|---|
| 999 |
_c56760 _d56760 |
||
| 003 | Ge_BSU | ||
| 005 | 20190421020031.0 | ||
| 008 | 190419b2000 ge ||||| |||| 00| 0 geo d | ||
| 020 | _a999288441X | ||
| 041 | _ageo | ||
| 080 | _a341.9 | ||
| 100 |
_aგამყრელიძე, სულხან _9235 |
||
| 245 |
_aსაერთაშორისო კერძო სამართლის შესავალი : _bწ. 1 : საერთაშორისო კერძო სამართლის პროცესის საფუძვლები / _cსულხან გამყრელიძე. |
||
| 264 |
_aთბილისი : _bბონა კაუზა, _c2000. |
||
| 300 |
_a225 გვ. ; _c20 სმ. |
||
| 546 | _aპარალ. სათ. ქართ., გერმ. ენაზე. | ||
| 653 | _aსამართალი | ||
| 653 | _aსაერთაშორისო კერძო სამართალი | ||
| 942 |
_2udc _cBK |
||